000 00761nam a2200265Ia 4500
003 OSt
005 20221005033330.0
006 a|||||r|||| 00| 0
007 ta
008 221004b |||||||| |||| 00| 0 eng d
020 _a817646404X
024 _a78081
037 _cTextual
040 _aCRL
_cCRL
_beng
041 _2eng
_aeng
082 _a2jN36, P4.1-.2
100 _aRamesh Babu B Ed.
245 0 _aInformation communication library and community development
260 _aDelhi
_bB.R. Publishing India
_c2004
300 _alxv; 793p.
_ccm.
650 _aLIBRARY SCIENCE
700 _a Gopalakrishnan S Ed.
942 _h2jN36, P4.1-.2
_cTEXL
_2cc
999 _c941373
_d941373